000 00420nam a2200145Ia 4500
008 100204s9999 xx 000 0 und d
082 _b12399
100 _aशिंदे भि. शि.
245 _aउध्वस्त
260 _b"भलरी प्रकाशन वसई, मुं."
_c1989
300 _a112
630 _aउध्वस्त
730 _aउध्वस्त
942 _cBOOK
999 _c456832
_d456829